000 00504nam a2200193Ia 4500
005 20250326141525.0
008 250326s9999 xx 000 0 und d
037 _aTextbook
040 _aFMSL
_beng
_cFMSL
041 _aeng
_2eng
084 _qFMSL
100 _aMithani D M
245 0 _aMoney banking international trade and public fice
_cMithani D M
250 _a5th
260 _aBombay
_bBombay, Himalaya Pub. House
_c1990
300 _av..
942 _cTB
999 _c1290705
_d1290705